000
00266nam a2200097Ia 4500
001
1250491
005
20251031150857.0
008
251031s9999 xx 000 0 und d
245
0
_c
DOSTOYEVSKİ
_a
G-5 STEPANÇİKOVO KÖYÜ
260
_b
TÜRKİYE İŞ BANKASI YAYINLARI
999
_c
1250491
_d
1250491